Southville International School and Colleges
Your cart is empty.
  • Cart
  • Lists
    Public lists Eva Luna New books Lux_list list_1
    Your lists Log in to create your own lists
  • Log in to your account
  • Your cookies
  • Search history
Southville International School and Colleges
  • Advanced search
  • Recent comments
  • Most popular
  • Libraries

Log in to your account

Log in with GOOGLE


If you do not have an external account, but do have a local account, you can still log in:

  1. Home
  2. MARC view: Successful practice in neuropsychology and neuro-rehabilitation /
Normal view MARC view ISBD view

Successful practice in neuropsychology and neuro-rehabilitation / (Record no. 300978)

[ view plain ]
MARC details
000 -LEADER
fixed length control field 00741nam a22002535i 4500
001 - CONTROL NUMBER
control field 18265153
003 - CONTROL NUMBER IDENTIFIER
control field SISC
005 - DATE AND TIME OF LATEST TRANSACTION
control field 20191118103550.0
008 - FIXED-LENGTH DATA ELEMENTS--GENERAL INFORMATION
fixed length control field 140812s2014 mau 000 0 eng
010 ## - LIBRARY OF CONGRESS CONTROL NUMBER
LC control number 2014948439
020 ## - INTERNATIONAL STANDARD BOOK NUMBER
International Standard Book Number 9780128002582
040 ## - CATALOGING SOURCE
Original cataloging agency DLC
Language of cataloging eng
Description conventions rda
Transcribing agency DLC
042 ## - AUTHENTICATION CODE
Authentication code pcc
050 ## - LIBRARY OF CONGRESS CALL NUMBER
Classification number RC 387.5
Item number .P424 2015
100 1# - MAIN ENTRY--PERSONAL NAME
Personal name Pepping, Mary.
245 10 - TITLE STATEMENT
Title Successful practice in neuropsychology and neuro-rehabilitation /
Statement of responsibility, etc Mary Pepping.
260 ## - PUBLICATION, DISTRIBUTION, ETC. (IMPRINT)
Place of publication, distribution, etc Amsterdam :
Name of publisher, distributor, etc Elsevier,
Date of publication, distribution, etc 2015.
263 ## - PROJECTED PUBLICATION DATE
Projected publication date 1411
300 ## - PHYSICAL DESCRIPTION
Extent xxii, 294 pages ;
Dimensions 23 cm.
500 ## - GENERAL NOTE
General note Includes bibliographical references and index.
906 ## - LOCAL DATA ELEMENT F, LDF (RLIN)
a 0
b ibc
c orignew
d 2
e epcn
f 20
g y-gencatlg
942 ## - ADDED ENTRY ELEMENTS (KOHA)
Source of classification or shelving scheme Library of Congress Classification
Koha item type Books
Holdings
Withdrawn status Lost status Source of classification or shelving scheme Damaged status Home library Current library Shelving location Date acquired Source of acquisition Cost, normal purchase price Total Checkouts Full call number Barcode Date last seen Price effective from Koha item type
    Library of Congress Classification   College Library College Library Graduate Section 09/01/2016 Library Fund 6895.00   RC 387.5 .P424 2015 C20692 05/15/2018 09/01/2016 Books

Successful practice in neuropsychology and neuro-rehabilitation /

APA

Pepping M., . (2015). Successful practice in neuropsychology and neuro-rehabilitation. Amsterdam: Elsevier.

Chicago

Pepping Mary, . 2015. Successful practice in neuropsychology and neuro-rehabilitation. Amsterdam: Elsevier.

Harvard

Pepping M., . (2015). Successful practice in neuropsychology and neuro-rehabilitation. Amsterdam: Elsevier.

MLA

Pepping Mary, . Successful practice in neuropsychology and neuro-rehabilitation. Amsterdam: Elsevier. 2015.

  • Place hold
  • Print
  • Cite
  • Add to your cart (remove)
  • Save record
    BIBTEX Dublin Core MARCXML MARC (non-Unicode/MARC-8) MARC (Unicode/UTF-8) MARC (Unicode/UTF-8, Standard) MODS (XML) RIS
  • More searches
    Search for this title in:
    Other Libraries (WorldCat) Other Databases (Google Scholar) Online Stores (Bookfinder.com) Open Library (openlibrary.org)

Exporting to Dublin Core...

SOUTHVILLE LIBRARY

Southville International School and Colleges Library

1281 Tropical Ave. Cor. Luxembourg St., BF Homes International, Las Pinas City

Tel. No. 8256374 / 252358 Loc. 117/146

Powered by Koha